| 000 | 00626cam a2200205 4500 | ||
|---|---|---|---|
| 001 | 45453 | ||
| 090 | _a45453 | ||
| 100 | _a19940107d1948 m y0pory5003 ba | ||
| 101 | 1 | _apor | |
| 102 | _aPT | ||
| 200 | 1 |
_a100000 porquês _euma viagem à roda da casa _fM. Iline _gtrad. Ema Quintas Alves |
|
| 210 | 9 |
_aLisboa _cEdições Cosmos, _d1948 |
|
| 215 |
_a113, [1] p. _cil. _d20 cm |
||
| 225 | 2 |
_aBiblioteca Cosmos _v139 _h1.ª secção _iCiências e Técnicas. Ciências da Natureza _v62 |
|
| 517 | 1 | _aCem mil porquês | |
| 675 |
_a001.92 _vBN _zpor |
||
| 700 | 1 |
_aIline, _bM. |
|
| 702 | 1 |
_aAlves, _bEma Quintas _4730 |
|
| 801 | 0 |
_aPT _bBN _gRPC |
|
| 990 | _cMON | ||